[Event "IECG QN.2002.0.00212"]
[Site "IECG email"]
[Date "2002.02.20"]
[Round "?"]
[White "Rulla, Bernhard"]
[Black "Van Eck, Jaco"]
[Result "1-0"]
[WhiteElo "803"]
[BlackElo "602"]
[PlyCount "48"]
[EventDate "2002.02.20"]
[EventType "tourn (corr)"]
[EventRounds "6"]
[SourceTitle "Corr 2008"]
[Source "ChessBase"]
[SourceDate "2008.06.24"]
[SourceVersion "1"]
[SourceVersionDate "2008.06.24"]
[SourceQuality "1"]

1. e4 e5 2. Nf3 Nc6 3. Bb5 a6 4. Bxc6 bxc6 5. Nc3 Bd6 6. d4 f6 7. dxe5 fxe5 8. Nxe5 Bxe5 9. Qh5+ g6 10. Qxe5+ Qe7 11. Qxh8 Qf7 12. Qe5+ Ne7 13. Bg5 d6 14. Qg3 Rb8 15. 0-0-0 c5 16. Bxe7 Qxe7 17. Nd5 Be6 18. Nxe7 Kxe7 19. Rhe1 Rf8 20. e5 Rf7 21. exd6+ cxd6 22. Qxd6+ Kf6 23. Qxe6+ Kg7 24. Rd7 Rxd7 1-0

[Event "IECG QN.2002.0.00212"]
[Site "IECG email"]
[Date "2002.02.20"]
[Round "?"]
[White "Van Eck, Jaco"]
[Black "Towkan, Carlos Roberto Duar"]
[Result "0-1"]
[WhiteElo "602"]
[BlackElo "976"]
[PlyCount "48"]
[EventDate "2002.02.20"]
[EventType "tourn (corr)"]
[EventRounds "6"]
[SourceTitle "Corr 2008"]
[Source "ChessBase"]
[SourceDate "2008.06.24"]
[SourceVersion "1"]
[SourceVersionDate "2008.06.24"]
[SourceQuality "1"]

1. e4 c5 2. Nc3 Nc6 3. Bc4 Nf6 4. d3 d6 5. Bg5 e6 6. Nf3 Be7 7. 0-0 0-0 8. Qe2 Qb6 9. b3 Nd4 10. Nxd4 cxd4 11. Na4 Qc6 12. f3 b5 13. Bxf6 Bxf6 14. Bxb5 Qxb5 15. h3 Ba6 16. Rab1 Rac8 17. Rfc1 Bg5 18. g4 Bxc1 19. Rxc1 Qg5 20. Re1 Rc7 21. Rd1 Rfc8 22. Re1 Rxc2 23. Qxc2 Rxc2 24. a3 Qd2 0-1

[Event "IECG QN.2001.0.00206"]
[Site "IECG email"]
[Date "2001.12.15"]
[Round "?"]
[White "Van Eck, Jaco"]
[Black "Venturas, Bob"]
[Result "1/2-1/2"]
[WhiteElo "602"]
[BlackElo "493"]
[PlyCount "47"]
[EventDate "2001.12.15"]
[EventType "tourn (corr)"]
[EventRounds "6"]
[SourceTitle "Corr 2008"]
[Source "ChessBase"]
[SourceDate "2008.06.24"]
[SourceVersion "1"]
[SourceVersionDate "2008.06.24"]
[SourceQuality "1"]

1. e4 e5 2. Nf3 Nc6 3. Bc4 Bc5 4. 0-0 d6 5. d3 a6 6. Bg5 h6 7. Bxd8 Kxd8 8. Bxf7 Nf6 9. Nc3 Bd7 10. Nd5 Bg4 11. a3 Rf8 12. Bg6 Nd4 13. Bf5 h5 14. h3 Bxf3 15. gxf3 Rg8 16. c3 Nc6 17. Be6 Re8 18. Bf5 Ne7 19. Nxe7 Kxe7 20. Bg6 Rf8 21. b4 Ba7 22. Rc1 Rfd8 23. Re1 Rh8 24. Rb1 1/2-1/2

[Event "IECG QN.2000.0.00107"]
[Site "IECG email"]
[Date "2000.03.31"]
[Round "?"]
[White "Van Eck, Jaco"]
[Black "Egan, Michael"]
[Result "1-0"]
[WhiteElo "800"]
[BlackElo "800"]
[PlyCount "57"]
[EventDate "2000.03.31"]
[EventType "tourn (corr)"]
[EventRounds "6"]
[SourceTitle "Corr 2008"]
[Source "ChessBase"]
[SourceDate "2008.06.24"]
[SourceVersion "1"]
[SourceVersionDate "2008.06.24"]
[SourceQuality "1"]

1. e4 e5 2. Nf3 Nc6 3. Bb5 a6 4. Bxc6 dxc6 5. Nxe5 Qg5 6. Nf3 Qxg2 7. Rg1 Qh3 8. Rg3 Qe6 9. Ng5 Qh6 10. Qf3 f6 11. e5 fxg5 12. d3 Be7 13. Nc3 Be6 14. h3 0-0-0 15. Be3 Qh4 16. Ne4 g4 17. hxg4 Rf8 18. Qg2 Bb4+ 19. c3 Ba5 20. Bg5 Qxg3 21. Qxg3 Bb6 22. Be3 Rd8 23. Bxb6 cxb6 24. f4 g6 25. Nd6+ Kc7 26. f5 Bc8 27. Nf7 Ne7 28. e6+ Rd6 29. Qxd6# 1-0

[Event "IECG QN.2000.0.00100"]
[Site "IECG email"]
[Date "2000.02.27"]
[Round "?"]
[White "Van Eck, Jaco"]
[Black "Mashlan, Robert"]
[Result "0-1"]
[WhiteElo "800"]
[BlackElo "800"]
[PlyCount "64"]
[EventDate "2000.02.27"]
[EventType "tourn (corr)"]
[EventRounds "6"]
[SourceTitle "Corr 2008"]
[Source "ChessBase"]
[SourceDate "2008.06.24"]
[SourceVersion "1"]
[SourceVersionDate "2008.06.24"]
[SourceQuality "1"]

1. e4 e5 2. Nf3 Nc6 3. d4 exd4 4. Nxd4 Bc5 5. Be3 Qf6 6. Nc3 Nxd4 7. Nd5 Qc6 8. c3 Ne6 9. b4 Bxe3 10. fxe3 Qd6 11. Qf3 c6 12. Rd1 cxd5 13. Rxd5 Qb6 14. Bb5 Nf6 15. Rf5 0-0 16. Qg3 Nxe4 17. Qh3 Nxc3 18. Bd3 g6 19. Qh6 Qxb4 20. 0-0 Ne2+ 21. Kf2 Qd2 22. Bxe2 gxf5 23. Qh3 Ng7 24. Rd1 Qxa2 25. g4 fxg4 26. Qh6 g3+ 27. hxg3 d5 28. Rh1 Bf5 29. g4 Be4 30. Rh4 Rac8 31. Qd6 Bd3 32. Rxh7 Qxe2+ 0-1